| Tag |
First Indicator |
Second Indicator |
Subfields |
| LEADER |
00000cam a2200000 a 4500 |
| 001 |
in00000831706 |
| 005 |
20151018124111.0 |
| 008 |
820611s1980 dcu f00000 eng d |
| 010 |
|
|
|a gp 82019461
|
| 035 |
|
|
|a (OCoLC)08508667
|
| 035 |
|
|
|9 ADX7225AM
|
| 040 |
|
|
|a GPO
|c GPO
|d UtOrBLW
|
| 043 |
|
|
|a n-us-wa
|
| 074 |
|
|
|a 612-C
|
| 086 |
0 |
|
|a I 49.44/2:T 84
|
| 088 |
|
|
|a RF 13560-2
|
| 245 |
0 |
0 |
|a Birds, Turnbull National Wildlife Refuge, Washington.
|
| 264 |
|
1 |
|a [Washington, D.C.?] :
|b Dept. of the Interior, U.S. Fish and Wildlife Service,
|c [1980]
|
| 300 |
|
|
|a 6 unnumbered pages ;
|c 23 x 11 cm.
|
| 336 |
|
|
|a text
|b txt
|2 rdacontent
|
| 337 |
|
|
|a unmediated
|b n
|2 rdamedia
|
| 338 |
|
|
|a volume
|b nc
|2 rdacarrier
|
| 500 |
|
|
|a "August 1980"--P. 4 of cover.
|
| 500 |
|
|
|a "RF 13560-2"--P. 4 of cover.
|
| 650 |
|
0 |
|a Birds
|z Washington (State)
|z Turnbull National Wildlife Refuge.
|
| 710 |
2 |
|
|a U.S. Fish and Wildlife Service.
|
| 999 |
|
|
|a MARS
|
| 999 |
f |
f |
|s ca6a4f5b-1b34-3883-b5f1-5b610bf7951a
|i 29cf45a8-bcd3-3223-9946-330753c25544
|t 0
|
| 952 |
f |
f |
|p normal
|a Texas A&M University
|b College Station
|c Sterling C. Evans Library
|d Evans: US Documents (Annex 5th floor)
|t 0
|e I 49.44/2:T 84
|h Superintendent of Documents classification
|i unmediated -- volume
|m A14838119539
|
| 998 |
f |
f |
|a I 49.44/2:T 84
|t 0
|l Evans: US Documents (Annex 5th floor)
|